Sansón nazareno / (Record no. 11887)
[ view plain ]
| 000 -LEADER | |
|---|---|
| campo de control de longitud fija | 01264cam a2200337 i 4500 |
| 001 - NÚMERO DE CONTROL | |
| campo de control | 11887 |
| 003 - IDENTIFICADOR DE NÚMERO DE CONTROL | |
| campo de control | SpMaBN |
| 005 - FECHA Y HORA DE LA ÚLTIMA TRANSACCIÓN | |
| campo de control | 20230706125428.0 |
| 008 - DATOS DE LONGITUD FIJA--INFORMACIÓN GENERAL | |
| campo de control de longitud fija | 230616s1992 sp | |||| ||spa |
| 016 7# - NÚMERO DE CONTROL DE UNA AGENCIA BIBLIOGRÁFICA NACIONAL | |
| Número de control del registro | bimoBNE19930068015 |
| Fuente | SpMaBN |
| 017 ## - NÚMERO DE COPYRIGHT O DE DEPÓSITO LEGAL | |
| Número de copyright o de depósito legal | V 1293-1992 |
| Agencia que asigna | Oficina Depósito Legal Valencia |
| 020 ## - NÚMERO INTERNACIONAL ESTÁNDAR DEL LIBRO | |
| Número Internacional Estándar del Libro | 8485339770 |
| 035 ## - NÚMERO DE CONTROL DEL SISTEMA | |
| Número de control de sistema | (OCoLC)434778259 |
| 040 ## - FUENTE DE CATALOGACIÓN | |
| Centro catalogador/agencia de origen | SpMaBN |
| Lengua de catalogación | spa |
| Centro/agencia transcriptor | SpMaBN |
| Normas de descripción | rdc |
| Centro/agencia modificador | ES-MaACL |
| 080 ## - NÚMERO DE LA CLASIFICACIÓN DECIMAL UNIVERSAL | |
| Número de la Clasificación Decimal Universal | 860-13"16" |
| 100 1# - ENTRADA PRINCIPAL--NOMBRE DE PERSONA | |
| Nombre de persona | Enríquez Gómez, Antonio, |
| Fechas asociadas al nombre | 1600-1663 |
| 9 (RLIN) | 47290 |
| 245 10 - MENCIÓN DEL TÍTULO | |
| Título | Sansón nazareno / |
| Mención de responsabilidad, etc. | Antonio Enríquez Gómez |
| 250 ## - MENCION DE EDICION | |
| Mención de edición | Ed. facs. / |
| Resto de la mención de edición | Carlos de la Rica y Antonio Lázaro Cebrián |
| 260 ## - PUBLICACIÓN, DISTRIBUCIÓN, ETC. | |
| Lugar de publicación, distribución, etc. | Carboneras de Cuenca : |
| Nombre del editor, distribuidor, etc. | El Toro de Barro, |
| Fecha de publicación, distribución, etc. | [1992] |
| 300 ## - DESCRIPCIÓN FÍSICA | |
| Extensión | XXXIV, 338 p. ; |
| Dimensiones | 21 cm |
| 490 1# - MENCIÓN DE SERIE | |
| Materiales especificados | Clásicos castellano-manchegos ; |
| Designación de volumen o secuencia | 3 |
| 534 ## - NOTA SOBRE LA VERSIÓN ORIGINAL | |
| Frase introductoria | Reprod. facs. de la ed. de: |
| Publicación, distribución, etc. del original | en Ruan : en la Emprenta de Laurenço Maurry, 1656 |
| 655 #7 - TERMINO DE INDIZACIÓN--GENERO/FORMA | |
| Fuente del término | tgfbne |
| 9 (RLIN) | 226495 |
| Datos o término principal de género/forma | Facsímiles |
| 700 0# - ENTRADA AGREGADA--NOMBRE PERSONAL | |
| Nombre de persona | Rica, Carlos de la, |
| Fechas asociadas al nombre | 1930-1997 |
| 9 (RLIN) | 96845 |
| 700 0# - ENTRADA AGREGADA--NOMBRE PERSONAL | |
| Nombre de persona | Lázaro Cebrián, Antonio, |
| Fechas asociadas al nombre | 1956- |
| 9 (RLIN) | 70799 |
| 830 ## - PUNTO DE ACCESO ADICIONAL DE SERIE-TÍTULO UNIFORME | |
| 9 (RLIN) | 226661 |
| Título uniforme | Clásicos castellano-manchegos ; |
| Designación de volumen o secuencia | 3 |
| 942 ## - ELEMENTOS DE ENTRADA SECUNDARIOS (KOHA) | |
| Fuente del sistema de clasificación o colocación | Clasificación decimal universal |
| Tipo de ítem Koha | Libro impreso |
| 980 ## - EQUIVALENCIA O REFERENCIA-CRUZADA-MENCIÓN DE SERIE--NOMBRE DE PERSONA/TÍTULO [LOCAL, CANADÁ] | |
| Nombre de persona | V 1293-1992 |
| -- | SpMaBN |
| Numeración | BNALCALA |
| Calificador de atribución | AHM/158544 |
| Títulos y otros términos asociados al nombre | SG_PETANTI |
| Estatus retirado | Estado de pérdida | Estado de daño | No para préstamo | Biblioteca de origen | Biblioteca actual | Ubicación en estantería | Fecha de adquisición | Fuente de adquisición | Total de préstamos | Signatura topográfica completa | Código de barras | Visto por última vez | Precio de reemplazo | Tipo de ítem Koha |
|---|---|---|---|---|---|---|---|---|---|---|---|---|---|---|
| Biblioteca del Ateneo de Madrid | Biblioteca del Ateneo de Madrid | Depósito 2 | 17/01/2008 | L-19181 | 1012114 | 23/02/2023 | 23/02/2023 | Libro impreso |
